000 00724nam a2200289Ia 4500
005 20260324131203.0
008 008 260324s9999 xx 000 0 eng d
020 _a9780203099612
037 _aEBOOK
040 _aCRL
040 _beng
040 _cCRL
041 _2eng
041 _aeng
084 _qCRL
100 _aTrevor Keeble; Brenda Martin; Penny Sparke
_91184553
245 4 _aThe Modern Period Room
245 4 _bThe Construction of the Exhibited Interior 1870–1950
260 _bTaylor and Francis
260 _c2006
365 _a
365 _b280
856 _uhttp://www.taylorfrancis.com/books/9780203099612
942 _cEBOOK
999 _c1781478
_d1781478